Statistics for Guess the Country

Click here to take the quiz!

General Stats

  • This quiz has been taken 1,263 times
  • The average score is 9 of 15

Answer Stats

HintCountry% Correct
I am both a country and a continentAustralia
90%
I have won the FIFA World Cup more times than any other countryBrazil
87%
I am a country that shares its name with a US stateGeorgia
84%
I am the country where the most movies are producedIndia
84%
I am the country with the most international touristsFrance
83%
I am the only Oceanian country that borders another countryPapua New Guinea
83%
I contain the tallest mountain in South America: Mount AconcaguaArgentina
72%
I am the country with the most skyscrapers with 1,332 skyscrapersChina
65%
I am the country that modern humans first appeared inEthiopia
63%
I am the newest member of the UNSouth Sudan
63%
I am the smallest country located in AsiaMaldives
53%
I am the least densely populated African countryNamibia
48%
I am the largest country without a riverSaudi Arabia
32%
I am home to the largest religious structureCambodia
19%
I am the country with the most official languages with 16Zimbabwe
9%

Score Distribution

Percentile by Number Answered

Percent of People with Each Score

Your Score History

You have not taken this quiz